2023 NHL First Round Draft Selections - Statistics

General Stats
  • This quiz has been taken 70 times
  • The average score is 15 of 32
Answer Stats
Pick Name Team Position % Correct
1 Connor Bedard CHI C
100%
4 Will Smith SJS C
90%
3 Adam Fantilli CBJ C
88%
2 Leo Carlsson ANA C
88%
5 David Reinbacher MTL D
83%
7 Matvei Michkov PHI RW
80%
8 Ryan Leonard WSH RW
70%
17 Axel Sandin-Pellikka DET D
58%
14 Brayden Yager PIT C
55%
6 Dmitriy Simashev ARI D
53%
12 Daniil But ARI LW
50%
11 Tom Willander VAN D
50%
13 Zach Benson BUF LW
50%
28 Easton Cowan TOR RW
48%
9 Nate Danielson DET C
48%
10 Dalibor Dvorsky STL C
45%
23 Gabe Perreault NYR RW
43%
16 Samuel Honzek CGY LW
40%
15 Matthew Wood NSH RW
38%
27 Calum Ritchie COL C
35%
19 Oliver Moore CHI C
35%
30 Bradly Nadeau CAR LW
30%
20 Eduard Sale SEA LW
30%
22 Oliver Bonk PHI D
28%
32 David Edstrom VGK C
25%
26 Quentin Musty SJS LW
23%
24 Tanner Molendyk NSH D
20%
21 Charlie Stramel MIN C
18%
18 Colby Barlow WPG LW
18%
31 Mikhail Gulyayev COL D
18%
25 Otto Stenberg STL C
18%
29 Theo Lindstein STL D
13%
No matching quizzes found
Score Distribution
Percent of People with Each Score
Percentile by Number Answered
Your Score History
You have not taken this quiz